Statistics for EuroLeague Final Four MVPs

Click here to take the quiz!

General Stats

  • This quiz has been taken 341 times
  • The average score is 15 of 32

Answer Stats

YearTeamPlayer% Correct
2012-13OlympiacosVassilis Spanoulis
80%
2008-09PanathinaikosVassilis Spanoulis
80%
2011-12OlympiacosVassilis Spanoulis
80%
2010-11PanathinaikosDimitris Diamantidis
76%
2006-07PanathinaikosDimitris Diamantidis
76%
2017-18Real MadridLuka Doncic
76%
2009-10BarcelonaJuan Carlos Navarro
67%
2015-16CSKA MoscowNando De Colo
65%
2001-02PanathinaikosDejan Bodiroga
61%
2002-03BarcelonaDejan Bodiroga
61%
1992-93Benetton TrevisoToni Kukoc
51%
1990-91Pop 84Toni Kukoc
51%
1989-90JugoplastikaToni Kukoc
51%
2000-01Kinder BolognaManu Ginobili
48%
2004-05Maccabi Tel-AvivSarunas Jasikevicius
47%
2003-04Maccabi Tel-AvivAnthony Parker
45%
1994-95Real MadridArvydas Sabonis
45%
2016-17FenerbahceEkpe Udoh
43%
2005-06CSKA MoscowTheo Papaloukas
43%
1995-96PanathinaikosDominique Wilkins
40%
2018-19CSKA MoscowWill Clyburn
40%
2013-14Maccabi Tel-AvivTyrese Rice
38%
1988-89JugoplastikaDino Radja
32%
1991-92PartizanSasha Danilovic
30%
1996-97OlympiacosDavid Rivers
28%
1993-94OlympiacosZarko Paspalj
24%
1987-88Tracer MilanoBob McAdoo
23%
2014-15Real MadridAndres Nocioni
22%
2007-08CSKA MoscowTrajan Langdon
22%
1999-00PanathinaikosZeljko Rebraca
20%
1997-98Kinder BolognaZoran Savic
14%
1998-99ZalgirisTyus Edney
12%

Score Distribution

Percentile by Number Answered

Percent of People with Each Score

Your Score History

You have not taken this quiz